| 000 -LEADER |
| fixed length control field |
00517nam a22001697a 4500 |
| 008 - FIXED-LENGTH DATA ELEMENTS--GENERAL INFORMATION |
| fixed length control field |
150603b xxu||||| |||| 00| 0 eng d |
| 020 ## - INTERNATIONAL STANDARD BOOK NUMBER |
| International Standard Book Number |
9780071749060 |
| 041 0# - LANGUAGE CODE |
| Language code of text/sound track or separate title |
eng |
| 080 ## - UNIVERSAL DECIMAL CLASSIFICATION NUMBER |
| Universal Decimal Classification number |
334 |
| 100 ## - Rafti |
| Rafti |
Braham, Lewis. |
| 245 14 - TITLE STATEMENT |
| Title |
The house that Bogle built : |
| Statement of responsibility, etc |
by Lewis Braham. |
| 260 ## - |
| -- |
New York : |
| -- |
McGraw-Hill, |
| -- |
c2011. |
| 300 ## - |
| -- |
308 f |
| -- |
24 cm. |
| 600 ## - |
| -- |
Bogle, John C. |
| 650 #0 - |
| -- |
Mutual funds |
| -- |
United States. |
| 942 ## - ADDED ENTRY ELEMENTS (KOHA) |
| Source of classification or shelving scheme |
|
| Item type |
Books |